| 000 | 01149cam a2200241 a 4500 | ||
|---|---|---|---|
| 020 | _a9781449312060 | ||
| 082 | _a302.302856754 | ||
| 100 | 1 | _aBacon, Jono. | |
| 245 | 1 | 4 |
_aThe art of community / _cJono Bacon. |
| 250 | _a2nd ed. | ||
| 260 |
_aSebastopol, CA : _bO'Reilly _cc2012. |
||
| 300 |
_axxiv, 539 p. _c24 cm. |
||
| 650 | 0 |
_aElectronic villages (Computer networks) _981972 |
|
| 650 | 0 |
_aOnline social networks. _911373 |
|
| 650 | 0 |
_aInteractive computer systems _981973 |
|
| 942 |
_2ddc _cBK |
||
| 999 |
_c586325 _d586325 |
||